| 000 | 00473pam a2200169 a 4500 | ||
|---|---|---|---|
| 020 | _a0471154121 (cloth : alk. paper) | ||
| 040 | _cDLC | ||
| 082 | _a665 WIL 1997 A041 Or. | ||
| 100 | 1 | _aHartmann, John P., | |
| 245 | 1 | 0 | _aTechnology of underground liquid storage tank systems / |
| 260 |
_aNew York : _bWiley, _cc1997 |
||
| 300 |
_axv, 292 p. : _bill. ; _c24 cm |
||
| 500 | _aIncludes index | ||
| 650 | 0 | _aOil storage tanks | |
| 650 | 0 | _aPetroleum products | |
| 942 | _cEK | ||
| 999 |
_c12409 _d12409 |
||